| 000 | 01306nam a2200265 i 4500 | ||
|---|---|---|---|
| 003 | EG-ScBUE | ||
| 005 | 20230322115107.0 | ||
| 008 | 090804s2004 ua o f 000 0 ara d | ||
| 020 | _a9771018310 | ||
| 040 |
_aEG-ScBUE _bara _erda _cEG-ScBUE _dEG-ScBUE |
||
| 082 | 0 | 4 |
_a796.068 _bر ا ز _222 |
| 100 | 1 |
_aعبد الرازق، مدحت قاسم، _eمؤلف. |
|
| 245 | 1 | 2 |
_aالأندية الصحية : _bصحة ولياقة-إنقاص وزن-بناء الجسم / _cدكتور مدحت قاسم عبد الرازق، مدرس بقسم علوم الصحة الرياضية، كلية التربية الرياضية-جامعة المنصورة، دكتور أحمد محمد عبد الفتاح، مدرس بقسم المناهج وطرق التدريس، كلية التربية الرياضية، جامعة المنصورة. |
| 250 | _aالطبعة الأولى. | ||
| 264 | 1 |
_aالقاهرة : _bدار الفكر العربي، _c2004. |
|
| 300 |
_a207 : صفحة _bصور ؛ _c19 سم |
||
| 336 |
_2rdacontent _aنص _btxt |
||
| 337 |
_2rdamedia _aبدون وسيط _bn |
||
| 338 |
_2rdacarrier _aمجلد _bnc |
||
| 650 | 7 |
_98340 _aالرياضة البدنية. _2BUEsh |
|
| 650 | 7 |
_98341 _aالنوادي الرياضية. _2BUEsh |
|
| 653 | _bGGEN | ||
| 655 | _vReading book | ||
| 942 |
_2ddc _cBB |
||
| 999 |
_c12523 _d12523 |
||